| 000 | 01297nam a2200229Ia 4500 | ||
|---|---|---|---|
| 003 | Ost | ||
| 005 | 20260416102355.0 | ||
| 008 | 260416s9999||||xx |||||||||||||| ||und|| | ||
| 040 | _cfsecg | ||
| 041 | _aara | ||
| 082 | _a657.46 | ||
| 100 |
_aآيت محمد، مراد _eمؤلف |
||
| 245 | 0 |
_aمحاضرات في المحاسبة المالية / _c مراد آيت محمد |
|
| 260 |
_aالجزائر _bجامعة الجزائر3: كلية العلوم الإقتصادية، العلوم التجارية وعلوم التسيير _c2018 |
||
| 300 |
_a100 ورقة _c30 سم |
||
| 504 | _aمراجع ص.100 | ||
| 520 | _aالاطار التصوري المحاسبي للمحاسبة و التطرق الى قائمة الميزانية و الحساب و الدورة المحاسبية و المعالجة المحاسبية للصنف الاول و المعالجة المحاسبية للصنف الثاني و كذا للصنف الثالث و أخيرا عمليات على المخزونات . | ||
| 653 | _aالمحاسبة التحليلية | ||
| 653 | _aالمحاسبة المالية | ||
| 710 |
_aجامعة الجزائر3: كلية العلوم الإقتصادية، العلوم التجارية وعلوم التسيير _eناشر علمي |
||
| 942 | _cHANDOUT | ||
| 999 |
_c41184 _d41184 |
||